| 000 | 01026nam a22002417a 4500 | ||
|---|---|---|---|
| 005 | 20240530110603.0 | ||
| 008 | 161020s2015 ua ah f b 000 0 ara d | ||
| 017 |
_a214/11580 _bمصر. دار الكتب |
||
| 020 | _a9789772767434 | ||
| 040 |
_aEG-CaGPL _cEG-CaGPL |
||
| 082 | 0 | 4 |
_221 _a720.470956711\ _bف م |
| 100 | 0 | _aفيان موفق رشيد محمد النعيمى | |
| 245 | 1 | 0 |
_aمعالجة المشكلات البيئية لعمائر الموصل خلال العصور الاسلامية / _cفيان موفق رشيد محمد النعيمى |
| 250 | _aط. 1 | ||
| 260 |
_aالقاهرة : _bالمكتب العربى للمعارف ، _c2015 . |
||
| 300 |
_a280 ص. : _bايض ؛ _c24 سم. |
||
| 504 | _aيشتمل على ارجاعات ببليوجرافية | ||
| 650 | 0 | 7 |
_2qrmak _aالعمارة الاسلامية _yالعراق |
| 650 | 0 | 7 |
_2qrmak _aالتصميم الانشائى |
| 650 | 0 | 7 |
_2qrmak _aالعمارة _xتاريخ _yالموصل |
| 942 |
_2ddc _cBK |
||
| 999 |
_c62705 _d62705 |
||